000 00338 a2200109 4500
001 ART_45238
005 20260410161822.0
008 260409a
245 1 0 _aEl blanqueo de obligaciones tributarias
100 1 _aVanella, Carolina A.
773 0 _tDoctrina Penal Tributaria y Económica
_g- Nº 46 (dic. 2017)
_wREV4317
999 _c22405
_d22405